00420nam a2200109Ia 4500008004100000100001700041245012400058245003500182260000900217650001300226856007100239170221s9999 xx 000 0 und d aReza Moghani aRelationships between Corporate Governance and Debt Cost Using SPSS Software: the case of Tehran Stock Exchange in Iran cReza Moghani, Shaban Mohammadi c2012 xBusiness uhttp://absronline.org/journals/index.php/eimj/article/view/634/654